The structure of the national government of Madjapahit, (Record no. 89242)

MARC details
000 -LEADER
fixed length control field 00676cam a2200217 4500
001 - CONTROL NUMBER
control field sa 68020102
003 - CONTROL NUMBER IDENTIFIER
control field DLC
005 - DATE AND TIME OF LATEST TRANSACTION
control field 20260227112722.0
008 - FIXED-LENGTH DATA ELEMENTS--GENERAL INFORMATION
fixed length control field 730418s1966 io 000 0 eng
010 ## - LIBRARY OF CONGRESS CONTROL NUMBER
LC control number sa 68020102
025 ## - OVERSEAS ACQUISITION NUMBER
Overseas acquisition number PL480:Indo-5383
040 ## - CATALOGING SOURCE
Original cataloging agency DLC
Transcribing agency DLC
Modifying agency DLC
043 ## - GEOGRAPHIC AREA CODE
Geographic area code a-io---
050 00 - LIBRARY OF CONGRESS CALL NUMBER
Classification number JS7205.D548
Item number M337
100 1# - MAIN ENTRY--PERSONAL NAME
Personal name Muljana, Slamet,
Dates associated with a name 1922-1986.
245 14 - TITLE STATEMENT
Title The structure of the national government of Madjapahit,
Statement of responsibility, etc. by Slametmuljana.
260 ## - PUBLICATION, DISTRIBUTION, ETC.
Place of publication, distribution, etc. Djakarta,
Name of publisher, distributor, etc. Balai Pustaka,
Date of publication, distribution, etc. 1966.
300 ## - PHYSICAL DESCRIPTION
Extent 31 p.
Dimensions 22 cm.
500 ## - GENERAL NOTE
General note Excerpt from the author's Menudju puntjak kemegahan.
651 #0 - SUBJECT ADDED ENTRY--GEOGRAPHIC NAME
Geographic name Madjapahit (Indonesia)
General subdivision Politics and government.

No items available.

Powered by Koha